Biggest Cities on the Mississippi River - Statistics

General Stats
  • This quiz has been taken 895 times
  • The average score is 6 of 10
Answer Stats
Population City % Correct
391,495 New Orleans
95%
311,404 Saint Louis
93%
652,717 Memphis
90%
413,651 Minneapolis
86%
302,398 Saint Paul
70%
227,715 Baton Rouge
68%
102,612 Davenport
43%
58,531 Dubuque
27%
52,109 La Crosse
20%
67,641 Saint Cloud
12%
No matching quizzes found
Score Distribution
Percent of People with Each Score
Percentile by Number Answered
Your Score History
You have not taken this quiz